<?xml version="1.0" encoding="UTF-8"?>
<record
    xmlns:xsi="http://www.w3.org/2001/XMLSchema-instance"
    xsi:schemaLocation="http://www.loc.gov/MARC21/slim http://www.loc.gov/standards/marcxml/schema/MARC21slim.xsd"
    xmlns="http://www.loc.gov/MARC21/slim">

  <leader>00904nam a22002537a 4500</leader>
  <datafield tag="999" ind1=" " ind2=" ">
    <subfield code="c">64401</subfield>
    <subfield code="d">64401</subfield>
  </datafield>
  <controlfield tag="005">20240530110729.0</controlfield>
  <controlfield tag="008">180505s2007    ua a   g b    000 0 ara d</controlfield>
  <datafield tag="017" ind1=" " ind2=" ">
    <subfield code="a">2007/23748</subfield>
    <subfield code="b">&#x645;&#x635;&#x631;. &#x62F;&#x627;&#x631; &#x627;&#x644;&#x643;&#x62A;&#x628;</subfield>
  </datafield>
  <datafield tag="020" ind1=" " ind2=" ">
    <subfield code="a">9789774521003</subfield>
  </datafield>
  <datafield tag="040" ind1=" " ind2=" ">
    <subfield code="a">EG-CaGPL</subfield>
    <subfield code="c">EG-CaGPL</subfield>
  </datafield>
  <datafield tag="082" ind1="0" ind2="4">
    <subfield code="2">21</subfield>
    <subfield code="a">071.92 \</subfield>
    <subfield code="b">&#x62E; &#x623; </subfield>
  </datafield>
  <datafield tag="100" ind1="0" ind2=" ">
    <subfield code="a">&#x62E;&#x627;&#x644;&#x62F; &#x639;&#x632;&#x628; </subfield>
  </datafield>
  <datafield tag="245" ind1="1" ind2="0">
    <subfield code="a">&#x627;&#x62E;&#x628;&#x627;&#x631; &#x627;&#x644;&#x64A;&#x648;&#x645; : </subfield>
    <subfield code="b">&#x645;&#x62F;&#x631;&#x633;&#x629; &#x635;&#x62D;&#x641;&#x64A;&#x629; &#x645;&#x635;&#x631;&#x64A;&#x629; /</subfield>
    <subfield code="c">&#x627;&#x644;&#x645;&#x62D;&#x631;&#x631; &#x62E;&#x627;&#x644;&#x62F; &#x639;&#x632;&#x628; &#x61B; &#x627;&#x634;&#x631;&#x627;&#x641; &#x648;&#x62A;&#x642;&#x62F;&#x64A;&#x645; &#x627;&#x633;&#x645;&#x627;&#x639;&#x64A;&#x644; &#x633;&#x631;&#x627;&#x62C; &#x627;&#x644;&#x62F;&#x64A;&#x646; .</subfield>
  </datafield>
  <datafield tag="250" ind1=" " ind2=" ">
    <subfield code="a">&#x637;.1</subfield>
  </datafield>
  <datafield tag="260" ind1=" " ind2=" ">
    <subfield code="a">&#x627;&#x644;&#x627;&#x633;&#x643;&#x646;&#x62F;&#x631;&#x64A;&#x629; :</subfield>
    <subfield code="c">2007 .</subfield>
  </datafield>
  <datafield tag="300" ind1=" " ind2=" ">
    <subfield code="a">420 &#x635;. &#x61B;</subfield>
    <subfield code="c">28 &#x633;&#x645;.</subfield>
  </datafield>
  <datafield tag="650" ind1="0" ind2="7">
    <subfield code="2">qrmak</subfield>
    <subfield code="a">&#x627;&#x644;&#x635;&#x62D;&#x641; &#x627;&#x644;&#x645;&#x635;&#x631;&#x64A;&#x629; </subfield>
  </datafield>
  <datafield tag="650" ind1="0" ind2="7">
    <subfield code="2">qrmak</subfield>
    <subfield code="a">&#x627;&#x62E;&#x628;&#x627;&#x631; &#x627;&#x644;&#x64A;&#x648;&#x645; </subfield>
  </datafield>
  <datafield tag="650" ind1="0" ind2="7">
    <subfield code="2">qrmak</subfield>
    <subfield code="a">&#x627;&#x644;&#x635;&#x62D;&#x627;&#x641;&#x629; &#x627;&#x644;&#x645;&#x635;&#x631;&#x64A;&#x629;</subfield>
  </datafield>
  <datafield tag="650" ind1="0" ind2="7">
    <subfield code="2">qrmak</subfield>
    <subfield code="a">&#x627;&#x644;&#x637;&#x628;&#x627;&#x639;&#x629; </subfield>
    <subfield code="x">&#x62A;&#x627;&#x631;&#x64A;&#x62E;</subfield>
  </datafield>
  <datafield tag="651" ind1=" " ind2=" ">
    <subfield code="2">qrmak</subfield>
  </datafield>
  <datafield tag="942" ind1=" " ind2=" ">
    <subfield code="2">ddc</subfield>
    <subfield code="c">BK</subfield>
  </datafield>
  <datafield tag="952" ind1=" " ind2=" ">
    <subfield code="0">0</subfield>
    <subfield code="1">0</subfield>
    <subfield code="4">0</subfield>
    <subfield code="7">0</subfield>
    <subfield code="a">CAI</subfield>
    <subfield code="b">CAI</subfield>
    <subfield code="c">MAIN-LIBRARY</subfield>
    <subfield code="d">2018-05-05</subfield>
    <subfield code="l">0</subfield>
    <subfield code="o">071.62 \ &#x62E; &#x623;</subfield>
    <subfield code="p">164654</subfield>
    <subfield code="r">2018-05-05 00:00:00</subfield>
    <subfield code="w">2018-05-05</subfield>
    <subfield code="y">BK</subfield>
  </datafield>
</record>
